000
00381nam a22001577a 4500
003
MPLRDC
005
20220104144422.0
008
210129b ||||| |||| 00| 0 eng d
082
_a
574.52 JUL
100
_a
CLAUDE JULIEN
245
_a
美利坚帝国
_c
龚念平译
260
_a
_b
文教出版社
_c
1971
300
_b
平
650
_a
美国政治
942
_c
BK
_o
574.52 JUL
999
_c
49428
_d
49418